| 000 | 00623nam a22001697a 4500 | ||
|---|---|---|---|
| 003 | NUST | ||
| 038 | _aNusrat Nadeem | ||
| 082 | _a200 | ||
| 100 |
_aMasood, Haris _9124602 |
||
| 245 |
_aRecognition and Tracking of Fixed Shape Moving Objects based on Maximum Average Correlation Height (MACH) and Approximate Proximal Gradient (APG) filters/ _cHaris Masood |
||
| 264 |
_aRawalpindi; _bEME NUST; _c2020. |
||
| 300 |
_a160,p; _bill; _c30,cm. |
||
| 690 |
_aPhD-Computer Engineering _990709 |
||
| 700 |
_aSupervisor: Dr. Saad Rehman _969890 |
||
| 856 | _uhttp://10.250.8.41:8080/xmlui/handle/123456789/20259 | ||
| 942 |
_2ddc _cSC |
||
| 999 |
_c610413 _d610413 |
||